<?xml version="1.0" encoding="UTF-8"?>
<collection xmlns="http://www.loc.gov/MARC21/slim">
    <record>
        <controlfield tag="001">12628</controlfield>
        <controlfield tag="005">20150429092416.0</controlfield>
        <datafield tag="037" ind1=" " ind2=" ">
            <subfield code="a">TAZ-PFC-2013-628</subfield>
        </datafield>
        <datafield tag="041" ind1=" " ind2=" ">
            <subfield code="a">eng</subfield>
        </datafield>
        <datafield tag="100" ind1="1" ind2=" ">
            <subfield code="a">Esteve Martínez, Enrique</subfield>
        </datafield>
        <datafield tag="245" ind1="0" ind2="0">
            <subfield code="a">Instalación de recursos renovables en viviendas unifamiliares</subfield>
        </datafield>
        <datafield tag="260" ind1=" " ind2=" ">
            <subfield code="a">Zaragoza</subfield>
            <subfield code="b">Universidad de Zaragoza</subfield>
            <subfield code="c">2013</subfield>
        </datafield>
        <datafield tag="506" ind1=" " ind2=" ">
            <subfield code="a">by-nc-sa</subfield>
            <subfield code="b">Creative Commons</subfield>
            <subfield code="c">3.0</subfield>
            <subfield code="u">http://creativecommons.org/licenses/by-nc-sa/3.0/</subfield>
        </datafield>
        <datafield tag="500" ind1=" " ind2=" ">
            <subfield code="a">Memory and Planes of technical office project for an one-family housing of 180 m2 in Alcañiz (Teruel). Provided with facilities for the withdrawal and purification of gray waters, heating by means of radiant soil and geothermal bomb of 12 kWt to low depth and vertical installation of the probes, ACS for solar thermal collector of 2,6 m2 with solar coverage of 70% of consumption, high electrification instalation of 9,2 kW and photovoltaic installation of 3,10 kW connected to network.</subfield>
        </datafield>
        <datafield tag="520" ind1=" " ind2=" ">
            <subfield code="a">Memoria y Planos de proyecto de oficina técnica para una vivienda unifamiliar de 180 m2 en Alcañiz (Teruel). Provista de instalaciones para la recogida y depuración de aguas grises, calefacción por medio de suelo radiante y bomba geotérmica de 12 kWt a baja profundidad e instalación vertical de las sondas, ACS por colector solar térmico de 2,6 m2 con cobertura solar del 70% de consumo, instalación electrica elevada 9,2 kW y fotovoltaica de 3,10 kW conectada a red.</subfield>
        </datafield>
        <datafield tag="521" ind1=" " ind2=" ">
            <subfield code="a">Ingeniero Técnico Industrial (Esp. Electricidad)</subfield>
        </datafield>
        <datafield tag="540" ind1=" " ind2=" ">
            <subfield code="a">Derechos regulados por licencia Creative Commons</subfield>
        </datafield>
        <datafield tag="653" ind1="1" ind2=" ">
            <subfield code="a">vivienda unifamiliar</subfield>
        </datafield>
        <datafield tag="700" ind1=" " ind2=" ">
            <subfield code="a">Kádár, Péter</subfield>
            <subfield code="e">dir.</subfield>
        </datafield>
        <datafield tag="710" ind1="2" ind2=" ">
            <subfield code="a">Universidad de Zaragoza</subfield>
            <subfield code="b">Ingeniería Eléctrica</subfield>
            <subfield code="c">Ingeniería Eléctrica</subfield>
        </datafield>
        <datafield tag="720" ind1="2" ind2=" ">
            <subfield code="a">Pérez Cebolla, Francisco José</subfield>
            <subfield code="e">ponente</subfield>
        </datafield>
        <datafield tag="856" ind1="0" ind2=" ">
            <subfield code="f">578485@celes.unizar.es</subfield>
        </datafield>
        <datafield tag="856" ind1="4" ind2=" ">
            <subfield code="s">1008289</subfield>
            <subfield code="u">http://zaguan.unizar.es/record/12628/files/TAZ-PFC-2013-628.pdf</subfield>
            <subfield code="y">Memoria (eng)</subfield>
            <subfield code="z">Memoria (eng)</subfield>
        </datafield>
        <datafield tag="856" ind1="4" ind2=" ">
            <subfield code="s">58823</subfield>
            <subfield code="u">http://zaguan.unizar.es/record/12628/files/TAZ-PFC-2013-628_ANE.pdf</subfield>
            <subfield code="z">Anexos (eng)</subfield>
        </datafield>
        <datafield tag="909" ind1="C" ind2="O">
            <subfield code="o">oai:zaguan.unizar.es:12628</subfield>
            <subfield code="p">proyectos-fin-carrera</subfield>
            <subfield code="p">driver</subfield>
        </datafield>
        <datafield tag="950" ind1=" " ind2=" ">
            <subfield code="a"></subfield>
        </datafield>
        <datafield tag="980" ind1=" " ind2=" ">
            <subfield code="a">TAZ</subfield>
            <subfield code="b">PFC</subfield>
            <subfield code="c">EINA</subfield>
        </datafield>
    </record>

    
</collection>